书目信息 |
| 题名: |
暴风雨
|
|
| 作者: | 莎士比亚 著 ;朱生豪 译 | |
| 分册: | ||
| 出版信息: | 北京 大众文艺出版社 2009.05 |
|
| 页数: | 131页 | |
| 开本: | 21cm | |
| 丛书名: | 莎士比亚戏剧经典 | |
| 单 册: | ||
| 中图分类: | I561.33 | |
| 科图分类: | ||
| 主题词: | 诗剧--剧本--英国--中世纪 | |
| 电子资源: | ||
| ISBN: | 978-7-80240-168-6 | |
| 000 | 00918nam 2200265 450 | |
| 001 | 0120070900 | |
| 005 | 20100813180300.95 | |
| 010 | @a978-7-80240-168-6@dCNY26.50 | |
| 100 | @a20100515d2009 em y0chiy0110 ea | |
| 101 | 1 | @achi@ceng |
| 102 | @aCN@b110000 | |
| 105 | @aa z 000by | |
| 200 | 1 | @a暴风雨@Abao feng yu@f(英) 威廉·莎士比亚著@F(ying)wei lian·sha shi bi ya zhu@g朱生豪译@Gzhu sheng hao yi |
| 205 | @a第2版 | |
| 210 | @a北京@c大众文艺出版社@d2009.05 | |
| 215 | @a131页@c图@d21cm | |
| 225 | 2 | @a莎士比亚戏剧经典 |
| 330 | @a米兰公爵普洛斯彼罗由于闭门读书不理国事而被兄弟篡权,和女儿一起被放逐海上。因得到好心人的帮助,他们侥幸存活,流落到一座荒岛…… | |
| 410 | 0 | @12001 @a莎士比亚戏剧经典 |
| 606 | 0 | @a诗剧@x剧本@y英国@z中世纪 |
| 690 | @aI561.33@v4 | |
| 701 | 1 | @a莎士比亚@Asha shi bi ya@4著 |
| 702 | 0 | @a朱生豪@Azhu sheng hao@4译 |
| 801 | 0 | @aCN@c20100515 |
| 905 | @dI561.33@eS071-13=2@f3 | |
| 暴风雨/(英) 威廉·莎士比亚著/朱生豪译.-第2版.-北京:大众文艺出版社,2009.05 |
| 131页:图;21cm.-(莎士比亚戏剧经典) |
| ISBN 978-7-80240-168-6:CNY26.50 |
| 米兰公爵普洛斯彼罗由于闭门读书不理国事而被兄弟篡权,和女儿一起被放逐海上。因得到好心人的帮助,他们侥幸存活,流落到一座荒岛…… |
| ● |
| 相关链接 |
|
|
|
正题名:暴风雨
索取号:I561.33/S071-13=2
 
预约/预借
| 序号 | 登录号 | 条形码 | 馆藏地/架位号 | 状态 | 备注 |
| 1 | 1028749 | 210287492 | 文学库116/116文学库 19排4列5层/ [索取号:I561.33/S071-13=2] | 在馆 | |
| 2 | 1028750 | 210287508 | 社科二线400B/400B社科库 5排1列3层/ [索取号:I561.33/S071-13=2] | 在馆 | |
| 3 | 1028751 | 210287517 | 社科二线400B/400B社科库 5排1列3层/ [索取号:I561.33/S071-13=2] | 在馆 |